000 01150cam a22003017i 4500
999 _c10058
_d10058
001 18150956
003 GZU
005 20211012125945.0
008 140514s2013 vraa b 001 0 eng
010 _a 2013478654
020 _a9780195575897 (paperback)
037 _b253 Normanby Rd South Melbourne VIC 3205
040 _aDLC
_beng
_erda
_cDLC
_dDLC
050 0 0 _aHF5718
_bTYN 2013
100 1 _aTynan, Liz,
_eauthor.
245 1 0 _aCommunication for business /
_cLiz Tynan ; David Wolstencroft ; Beth Edmondson ; Don Swanson ; Angela Martin ; Damian Grace ; Andrew Creed.
264 1 _aVictoria :
_aWellington :
_bOxford University Press,
_c2013.
300 _axxiv, 431 pages :
_billustrations ;
_c25 cm
336 _atext
_btxt
_2rdacontent
337 _aunmediated
_bn
_2rdamedia
338 _avolume
_bnc
_2rdacarrier
500 _aIncludes bibliographical references (pages [406]-420) and index.
650 0 _aBusiness communication.
650 0 _aCommunication in organizations.
906 _a7
_bcbc
_corignew
_d4
_encip
_f20
_gy-gencatlg
942 _2lcc
_cBK
_h5718
_iTYN
_kHF